| 000 | 00698nai a22002057a 4500 | ||
|---|---|---|---|
| 003 | OSt | ||
| 005 | 20170601162156.0 | ||
| 008 | 170321b xxu||||| |||| 00| 0 eng d | ||
| 022 | _a07977-888X | ||
| 040 |
_aBMC _cBMC |
||
| 082 | _a338.1 | ||
| 245 | 0 | 0 |
_aBiodiversidad, sustento y culturas _b: diciembre _cCarmen Améndola, editora |
| 260 |
_aBarcelona _bREDES-AT _bGRAIN _c1999 |
||
| 300 |
_a34 p. _c28 cm |
||
| 490 |
_aRedes, amigos de la tierra _v22 |
||
| 505 | _aContiene: Maíz en el sudeste asiático.- Recuperando ganado criollo en Colombia.- Fracaso la Ronda del milenio en Seattle.- | ||
| 650 | 2 | 4 |
_96390 _aAgricultura integrada |
| 700 | 1 |
_940880 _aAméndola, Carmen |
|
| 942 |
_2ddc _cPR |
||
| 999 |
_c27330 _d27330 |
||